| Tag |
First Indicator |
Second Indicator |
Subfields |
| LEADER |
00000cam a2200000 4500 |
| 001 |
in00000197521 |
| 005 |
20151009051114.0 |
| 008 |
730821s1973 caua b 00010 eng |
| 010 |
|
|
|a 73080970
|
| 020 |
|
|
|a 0822444623
|c $3.25
|
| 035 |
|
|
|a (OCoLC)00701052
|
| 035 |
|
|
|9 AAV3655AM
|
| 040 |
|
|
|a DLC
|c DLC
|d MQM
|d TXA
|d UtOrBLW
|
| 049 |
|
|
|a TXAM
|c [922659]
|
| 050 |
0 |
0 |
|a LB3051
|b .M417
|
| 082 |
0 |
|
|a 371.2/6
|
| 100 |
1 |
|
|a Mager, Robert Frank,
|d 1923-
|
| 245 |
1 |
0 |
|a Measuring instructional intent ;
|b or, Got a match? /
|c [By] Robert F. Mager.
|
| 264 |
|
1 |
|a Belmont, Calif. :
|b Fearon Publishers,
|c [1973]
|
| 300 |
|
|
|a vii, 159 pages :
|b illustrations ;
|c 21 cm.
|
| 336 |
|
|
|a text
|b txt
|2 rdacontent
|
| 337 |
|
|
|a unmediated
|b n
|2 rdamedia
|
| 338 |
|
|
|a volume
|b nc
|2 rdacarrier
|
| 500 |
|
|
|a "Objective/item checklist" and "Objective item matching flowchart," by Mager Associates ([2] pages) inserted in pocket.
|
| 504 |
|
|
|a Bibliography: page 156.
|
| 650 |
|
0 |
|a Educational tests and measurements.
|
| 650 |
|
2 |
|a Educational Measurement.
|
| 999 |
|
|
|a MARS
|
| 999 |
f |
f |
|s 0f75032a-1790-38b3-8161-a27960613660
|i 3135645d-96b6-3696-a2ae-8093649c0bf2
|t 0
|
| 952 |
f |
f |
|p ric
|a Texas A&M University
|b Rellis Campus
|c Joint Library Facility
|d Remote Storage
|t 0
|e LB3051 .M417
|h Library of Congress classification
|i unmediated -- volume
|m A14816435391
|
| 998 |
f |
f |
|a LB3051 .M417
|t 0
|l Remote Storage
|